000 01040nam a2200241 a 4500
001 39320
003 BD-RjUL
005 20211209052951.0
008 160407r20121991ii ||||| |||| 001 |dben d
020 _a8170669677
_c: Tk. 900.00
035 _a(BD-RjUL) 39433
040 _aBD-RjUL
_bben
_cBD-RjUL
041 _aben
082 _223
_a891.44092
_bBHB 2012
100 _aভট্টাচার্য, অমিত্রসূদন
_9121202
245 1 0 _aবঙ্কিমচন্দ্রজীবনী /
_cঅমিত্রসূদন ভট্টাচার্য
260 _aকলকাতা :
_bআনন্দ,
_c১৯৯১ [মুদ্রণ ২০১২]
300 _a৮৩২ পৃ. ;
_c২২ সেমি.
500 _aনির্ঘণ্ট সংযুক্ত।
600 _aচট্টপাধ্যায়, বঙ্কিমচন্দ্র
_d১৮৩৮-১৮৯৪
_xজীবনী
_9205645
600 _aCattopadhyaya, Bankimacandra,
_d1838-1894.
_xBiography
_9148444
942 _2ddc
_cBK
999 _c39320
_d39320